| 000 | 00627nam a22002057a 4500 | ||
|---|---|---|---|
| 005 | 20250407104719.0 | ||
| 008 | 250117b ||||| |||| 00| 0 eng d | ||
| 020 | _a9788196469184 | ||
| 040 | _cAL | ||
| 041 | _aKannada | ||
| 082 |
_223 _aK894.5 _bKESB |
||
| 100 |
_aKeshava Malagi _9207700 |
||
| 100 |
_b ಕೇಶವ ಮಳಗಿ _9207701 |
||
| 245 |
_aBayala Kanagile _bಬಯಲ ಕಣಗಿಲೆ |
||
| 260 |
_aBangalore _bAmulya Pustaka _c2024 |
||
| 300 |
_aix,222 p. _bPB _c21x13.5 cm. |
||
| 365 |
_aBLCR-000067 _b₹200.00 _c₹ _d₹250.00 _e20% _f13-01-2025 |
||
| 650 |
_aKannada Essays _9193799 |
||
| 942 |
_2ddc _cBK |
||
| 999 |
_c233648 _d233648 |
||